The Colossus of Maroussi

Zapisane w:
Opis bibliograficzny
1. autor: Miller, James
Format: Książka
Język:Undetermined
Wydane: New York, Estados Unidos Pocket Books 1975
Hasła przedmiotowe:
Etykiety: Dodaj etykietę
Nie ma etykietki, Dołącz pierwszą etykiete!

MARC

LEADER 00000nam a2200000Ia 4500
008 170316s9999 xx 000 0 und d
090 |a 810 M-42c 
100 |a Miller, James 
245 4 |a The Colossus of Maroussi 
260 |a New York, Estados Unidos 
260 |b Pocket Books 
260 |c 1975 
300 |a 253 páginas 
650 |a LITERATURA ESTADOUNIDENSE 
999 |c 5941  |d 5941 
040 |a cru BVZT 
942 |c 15 D  |h 810 M-42c  |2 z